Central and Eastern Europe (Record no. 79343)

MARC details
000 -LEADER
fixed length control field 01040cab a22002655a 4500
001 - CONTROL NUMBER
control field L140768
008 - FIXED-LENGTH DATA ELEMENTS--GENERAL INFORMATION
fixed length control field 071009e20071006xxkdo f s 000 0 eng d
035 ## - SYSTEM CONTROL NUMBER
System control number (Sirsi) u140768
041 0# - LANGUAGE CODE
Language code of text/sound track or separate title eng
100 1# - MAIN ENTRY--PERSONAL NAME
Personal name Meadwell, Stacey
245 00 - TITLE STATEMENT
Title Central and Eastern Europe
260 ## - PUBLICATION, DISTRIBUTION, ETC.
Date of publication, distribution, etc. 2007
490 #0 - SERIES STATEMENT
Series statement Estates Gazette
Volume/sequential designation (0740) 6 October 2007, 173-191(9)
520 ## - SUMMARY, ETC.
Summary, etc. Previews Expo Real 2007. Explains how Germany has increased its share of European property investment from 10% 2004-5 to 25% in 2007. Assesses investment prospects in Romania and Bulgaria. Reports on the Russian investment market and the potential pitfalls for investors. Discusses how far should political risk be a factor in investment pricing.
590 ## - LOCAL NOTE (RLIN)
Local note KA
651 #4 - SUBJECT ADDED ENTRY--GEOGRAPHIC NAME
Geographic name United Kingdom
Chronological subdivision
651 #4 - SUBJECT ADDED ENTRY--GEOGRAPHIC NAME
Geographic name Europe
690 ## - LOCAL SUBJECT ADDED ENTRY--TOPICAL TERM (OCLC, RLIN)
Topical term or geographic name as entry element PROPERTY-INVESTMENT PROPERTY
690 ## - LOCAL SUBJECT ADDED ENTRY--TOPICAL TERM (OCLC, RLIN)
Topical term or geographic name as entry element PROPERTY-COMMERCIAL PROPERTY-COMMERCIAL PROPERTY MARKET
700 1# - ADDED ENTRY--PERSONAL NAME
Personal name Neale, Jon
700 1# - ADDED ENTRY--PERSONAL NAME
Personal name Cunningham, Daniel
700 1# - ADDED ENTRY--PERSONAL NAME
Personal name Alexander, Mark
700 1# - ADDED ENTRY--PERSONAL NAME
Personal name Thame, David
942 ## - ADDED ENTRY ELEMENTS (KOHA)
Suppress in OPAC 0
Holdings
Withdrawn status Lost status Source of classification or shelving scheme Damaged status Not for loan Home library Current library Shelving location Date acquired Total Checkouts Full call number Barcode Date last seen Copy number Price effective from Koha item type
    Dewey Decimal Classification     London London Journal article 10/10/2007   L140768 140768-1001 06/08/2019 1 06/08/2019 Journal article